000 00234nam a2200121Ia 4500
100 _aNone
942 _cBK
654 _aWord Star
245 _aWord Star
260 _bN C C Publications
_aBombay
300 _a19
546 _aENGLISH
999 _c30650
_d30650